<?xml version="1.0" encoding="UTF-8"?>
<record
    xmlns:xsi="http://www.w3.org/2001/XMLSchema-instance"
    xsi:schemaLocation="http://www.loc.gov/MARC21/slim http://www.loc.gov/standards/marcxml/schema/MARC21slim.xsd"
    xmlns="http://www.loc.gov/MARC21/slim">

  <leader>02067nam a2200397Ia 4500</leader>
  <controlfield tag="001">dia_1764</controlfield>
  <controlfield tag="003">CHAP</controlfield>
  <controlfield tag="005">20250730182742.0</controlfield>
  <controlfield tag="007">ta</controlfield>
  <controlfield tag="008">220117s2016    mx     f      001 0 spa d</controlfield>
  <datafield tag="040" ind1=" " ind2=" ">
    <subfield code="c">CHAP</subfield>
    <subfield code="a">mxchpua</subfield>
  </datafield>
  <datafield tag="090" ind1=" " ind2=" ">
    <subfield code="a">T.C.710 </subfield>
    <subfield code="b">L67 SAI </subfield>
    <subfield code="c">2016</subfield>
  </datafield>
  <datafield tag="245" ind1="1" ind2="0">
    <subfield code="a">Sistema producto mero (Epinephelinae) /</subfield>
    <subfield code="c">coordinador Vicente L&#xF3;pez Bautista ; colaboradores Erick Sebasti&#xE1;n Aparicio Jim&#xE9;nez...[y otros]</subfield>
  </datafield>
  <datafield tag="260" ind1=" " ind2=" ">
    <subfield code="a">M&#xE9;xico :</subfield>
    <subfield code="b">El autor,</subfield>
    <subfield code="c">2016</subfield>
  </datafield>
  <datafield tag="300" ind1=" " ind2=" ">
    <subfield code="a">vi, 92 hojas : </subfield>
    <subfield code="b">ilustraciones, fotos</subfield>
  </datafield>
  <datafield tag="336" ind1=" " ind2=" ">
    <subfield code="2">rdacontent</subfield>
    <subfield code="a">texto</subfield>
    <subfield code="b">txt</subfield>
  </datafield>
  <datafield tag="337" ind1=" " ind2=" ">
    <subfield code="2">rdamedia</subfield>
    <subfield code="a">no mediado</subfield>
    <subfield code="b">n</subfield>
  </datafield>
  <datafield tag="338" ind1=" " ind2=" ">
    <subfield code="2">rdacarrier</subfield>
    <subfield code="a">volumen</subfield>
    <subfield code="b">nc</subfield>
  </datafield>
  <datafield tag="500" ind1=" " ind2=" ">
    <subfield code="a">Grado: 6&#xB0; a&#xF1;o Grupo: 01</subfield>
  </datafield>
  <datafield tag="502" ind1=" " ind2=" ">
    <subfield code="a">Viaje de estudios </subfield>
    <subfield code="b">(SAI) -- </subfield>
    <subfield code="c">UACh. Departamento de Ingenier&#xED;a Agroindustrial, </subfield>
    <subfield code="d">2016</subfield>
  </datafield>
  <datafield tag="504" ind1=" " ind2=" ">
    <subfield code="a">Bibliograf&#xED;a: hoja 92</subfield>
  </datafield>
  <datafield tag="505" ind1="0" ind2="0">
    <subfield code="t">Empresas visitadas: --
1. Industria pesquera del Sureste, S. A. de C. V. -- 
2. EUROEMPACK -- 
3. Distribuidora el Tigre del Sureste, S. A. de C. V. -- 
4. Artes de pesca Fishing Boutique -- 
5. Congeladora Ora Maryuc, S. A. de C. V. -- 
6. Maspesca, S. A. de C. V. -- 
7. Pulmeros -- 
8. Tropesca -- 
9. UNAM SASL -- 
10. CINVESTAV -- 
11. Comercializadora Oc&#xE9;anica, S. A. de C. V. -- 
12. Costa Pura, S. A. de C. V. -- 
13. PULPESMAR, S. de R. L. de C. V. -- 
14. Hielos MASPESCA -- 
15. Gran Mar -- 
16. CONAPESCA -- 
17. FIRCO -- 
18. Caiman Products -- 
19. Aut&#xE9;nticos Pescadores del Golfo -- 
20. CESAY -- 
21. COFEPRIS</subfield>
  </datafield>
  <datafield tag="650" ind1="1" ind2="0">
    <subfield code="a">Industria pesquera</subfield>
    <subfield code="z">M&#xE9;xico</subfield>
    <subfield code="z">Yucat&#xE1;n  </subfield>
    <subfield code="9">152012</subfield>
  </datafield>
  <datafield tag="650" ind1="1" ind2="3">
    <subfield code="a">Mero  </subfield>
    <subfield code="9">152013</subfield>
  </datafield>
  <datafield tag="650" ind1="1" ind2="0">
    <subfield code="a">Fish industry</subfield>
    <subfield code="z">Mexico</subfield>
    <subfield code="z">Yucat&#xE1;n</subfield>
    <subfield code="9">152010</subfield>
  </datafield>
  <datafield tag="650" ind1="1" ind2="3">
    <subfield code="a">Grouper  </subfield>
    <subfield code="9">152011</subfield>
  </datafield>
  <datafield tag="700" ind1="1" ind2=" ">
    <subfield code="a">L&#xF3;pez Bautista, Vicente</subfield>
    <subfield code="9">147030</subfield>
    <subfield code="e">coordinador</subfield>
  </datafield>
  <datafield tag="700" ind1="1" ind2=" ">
    <subfield code="a">Aparicio Jim&#xE9;nez, Erick Sebasti&#xE1;n</subfield>
    <subfield code="9">152014</subfield>
    <subfield code="e">colaborador</subfield>
  </datafield>
  <datafield tag="856" ind1=" " ind2=" ">
    <subfield code="u">http://10.13.5.2/ve/TC710SAI/TC710SAI2016-REPORTE.pdf</subfield>
    <subfield code="y">DESCARGAR REPORTE</subfield>
  </datafield>
  <datafield tag="901" ind1=" " ind2=" ">
    <subfield code="a">T.C.710 L67 SAI 2016</subfield>
  </datafield>
  <datafield tag="902" ind1=" " ind2=" ">
    <subfield code="a">M</subfield>
  </datafield>
  <datafield tag="905" ind1=" " ind2=" ">
    <subfield code="a">5232272016                          mx dnl 9283123322spa16</subfield>
  </datafield>
  <datafield tag="942" ind1=" " ind2=" ">
    <subfield code="2">local</subfield>
  </datafield>
  <datafield tag="942" ind1=" " ind2=" ">
    <subfield code="c">VE</subfield>
  </datafield>
  <datafield tag="999" ind1=" " ind2=" ">
    <subfield code="c">172525</subfield>
    <subfield code="d">172525</subfield>
  </datafield>
  <datafield tag="952" ind1=" " ind2=" ">
    <subfield code="0">0</subfield>
    <subfield code="1">0</subfield>
    <subfield code="2">local</subfield>
    <subfield code="4">0</subfield>
    <subfield code="5">1</subfield>
    <subfield code="7">0</subfield>
    <subfield code="8">VE</subfield>
    <subfield code="a">IA_</subfield>
    <subfield code="b">IA_</subfield>
    <subfield code="d">2022-01-18</subfield>
    <subfield code="e">El autor</subfield>
    <subfield code="l">0</subfield>
    <subfield code="o">T.C.710 L67 SAI 2016</subfield>
    <subfield code="p">1106010230</subfield>
    <subfield code="r">2022-01-18 00:00:00</subfield>
    <subfield code="t">Ej.3</subfield>
    <subfield code="w">2022-01-18</subfield>
    <subfield code="y">CD</subfield>
  </datafield>
  <datafield tag="952" ind1=" " ind2=" ">
    <subfield code="0">0</subfield>
    <subfield code="1">0</subfield>
    <subfield code="2">local</subfield>
    <subfield code="4">0</subfield>
    <subfield code="5">1</subfield>
    <subfield code="7">0</subfield>
    <subfield code="8">VE</subfield>
    <subfield code="a">IA_</subfield>
    <subfield code="b">IA_</subfield>
    <subfield code="d">2022-01-18</subfield>
    <subfield code="e">El autor</subfield>
    <subfield code="l">0</subfield>
    <subfield code="o">T.C.710 L67 SAI 2016</subfield>
    <subfield code="p">1106010218</subfield>
    <subfield code="r">2026-01-26 00:00:00</subfield>
    <subfield code="t">Ej.1</subfield>
    <subfield code="w">2022-01-18</subfield>
    <subfield code="y">VE</subfield>
  </datafield>
  <datafield tag="952" ind1=" " ind2=" ">
    <subfield code="0">0</subfield>
    <subfield code="1">0</subfield>
    <subfield code="2">local</subfield>
    <subfield code="4">0</subfield>
    <subfield code="5">5</subfield>
    <subfield code="7">0</subfield>
    <subfield code="8">VE</subfield>
    <subfield code="a">IA_</subfield>
    <subfield code="b">IA_</subfield>
    <subfield code="d">2022-01-18</subfield>
    <subfield code="e">El autor</subfield>
    <subfield code="l">1</subfield>
    <subfield code="o">T.C.710 L67 SAI 2016</subfield>
    <subfield code="p">1106010229</subfield>
    <subfield code="r">2026-01-26 00:00:00</subfield>
    <subfield code="s">2024-05-15</subfield>
    <subfield code="t">Ej.2</subfield>
    <subfield code="w">2022-01-18</subfield>
    <subfield code="y">VE</subfield>
  </datafield>
  <datafield tag="952" ind1=" " ind2=" ">
    <subfield code="0">0</subfield>
    <subfield code="1">0</subfield>
    <subfield code="2">local</subfield>
    <subfield code="4">0</subfield>
    <subfield code="7">0</subfield>
    <subfield code="8">VEE</subfield>
    <subfield code="a">IA_</subfield>
    <subfield code="b">IA_</subfield>
    <subfield code="c">E_L</subfield>
    <subfield code="d">2022-01-18</subfield>
    <subfield code="e">El autor</subfield>
    <subfield code="l">0</subfield>
    <subfield code="o">T.C.710 L67 SAI 2016</subfield>
    <subfield code="p">1206010218</subfield>
    <subfield code="r">2024-05-03 00:00:00</subfield>
    <subfield code="w">2024-05-03</subfield>
    <subfield code="y">VEE</subfield>
  </datafield>
</record>
